000 00832cab a2200265 4500
001 WB3233-29
008 090401t1996 xxu||||| |||| 00| 0 eng d
035 _a(Sirsi) u5947
041 _aeng
245 _aLower noise limits for airports
260 _c1996
350 _a0
490 _aDepartment of Transport Press Notice
_v(272) 28 August 1996 (8)
520 _aThe government has lowered noise limits for aircraft using Heathrow, Gatwick and Stansted. Discusses research which supports this and arrangements for monitoring the noise levels of aircraft.
650 _aAIRCRAFT
650 _aAIRPORTS POLICY WHITE PAPER 1985
650 _aAIRPORTS
650 _aNOISE LEVELS
650 _aNOISE LIMITS
650 _aNOISE
690 _aECONOMIC AND SOCIAL
690 _aLAW
942 _n0
948 _c04/03/1997
999 _c3563
_d3563